| 000 | 00645nam a2200229Ia 4500 | ||
|---|---|---|---|
| 003 | OSt | ||
| 005 | 20221007081014.0 | ||
| 006 | a|||||r|||| 00| 0 | ||
| 007 | ta | ||
| 008 | 221006b |||||||| |||| 00| 0 eng d | ||
| 024 | _a27,951 | ||
| 037 | _cReports / Technical Reports | ||
| 040 |
_aFLL _cFLL _beng |
||
| 041 |
_2eng _aeng |
||
| 082 | _aZ73:3K, L0.6 | ||
| 100 |
_aMcbride John Cosgrove _9693115 |
||
| 245 | 0 | _aGovernment contract | |
| 260 |
_aNew York _bMatthew Bender _c1971 |
||
| 300 |
_a43.170p _ccm. |
||
| 942 |
_hZ73:3K, L0.6 _cREP _2CC |
||
| 999 |
_c1161645 _d1161645 |
||